| 000 | 00678nam a2200181 i 4500 | ||
|---|---|---|---|
| 001 | 155841 | ||
| 003 | ES-MaACL | ||
| 005 | 20230906210223.0 | ||
| 008 | 981201s1889 sp |||| | spa d | ||
| 040 |
_aCCPB | B _bspa _cCCPB | B |
||
| 100 | 1 |
_aIbarreta, Adolfo de. _9128137 |
|
| 245 | 1 | 0 |
_aVentajas de la via estrecha _b: rectificaciones á un apéndice / _cpor Adolfo de Ibarreta. |
| 260 |
_aBilnao : _b[s.n.], _c1889 ( _fImprenta de la Casa de Misericordia) |
||
| 300 |
_a29 p. ; _c27 cm. |
||
| 597 | _aAntep. | ||
| 650 |
_aFerrocarriles de vía estrecha. _9170255 |
||
| 852 |
_aES-MaACL _jT-514-F-6 _z-- Enc. hol., conservando la cub. original _z-- Enc. en un vol. facticio |
||
| 999 |
_c155841 _d155841 |
||